Las plantas usuales del Paraguay y países limítrofes / (Record no. 32753)

MARC details
000 -LEADER
campo de control de longitud fija 00606nam a2200193 i 4500
001 - NÚMERO DE CONTROL
campo de control 32753
003 - IDENTIFICADOR DE NÚMERO DE CONTROL
campo de control ES-MaACL
005 - FECHA Y HORA DE LA ÚLTIMA TRANSACCIÓN
campo de control 20230906154629.0
007 - CAMPO FIJO DE DESCRIPCIÓN FÍSICA--INFORMACIÓN GENERAL
campo de control de longitud fija t|
008 - DATOS DE LONGITUD FIJA--INFORMACIÓN GENERAL
campo de control de longitud fija 030131q19001999py ||||1| spa d
100 1# - ENTRADA PRINCIPAL--NOMBRE DE PERSONA
Nombre de persona Bertoni, Moisés S.
9 (RLIN) 28487
245 14 - MENCIÓN DEL TÍTULO
Título Las plantas usuales del Paraguay y países limítrofes /
Mención de responsabilidad, etc. Moisés S. Bertoni (Helvetius).
260 ## - PUBLICACIÓN, DISTRIBUCIÓN, ETC.
Lugar de publicación, distribución, etc. Asunción :
Nombre del editor, distribuidor, etc. M. Brona,
Fecha de publicación, distribución, etc. 19--?
300 ## - DESCRIPCIÓN FÍSICA
Extensión 78 p.
490 1# - MENCIÓN DE SERIE
Mención de serie Descripción física y económica del Paraguay
830 0# - PUNTO DE ACCESO ADICIONAL DE SERIE-TÍTULO UNIFORME
Título uniforme Descripción física y económica del Paraguay
9 (RLIN) 181451
852 ## - LOCALIZACIÓN
Ubicación ES-MaACL
Número de control de estantería 1664-F-1
Holdings
Estatus retirado Estado de pérdida Estado de daño No para préstamo Colección Biblioteca de origen Biblioteca actual Ubicación en estantería Fecha de adquisición Fuente de adquisición Total de préstamos Signatura topográfica completa Código de barras Visto por última vez Precio de reemplazo Tipo de ítem Koha
        Colección de folletos Biblioteca del Ateneo de Madrid Biblioteca del Ateneo de Madrid Depósito folletos 17/01/2008     1664-F-1 1033980 23/02/2023 23/02/2023 Folleto